Ekonomická bezpečnosť - výzva pre krízový manažment
Definícia bezpečnosti. Postavenie a vzájomné interakcie ekonomickej bezpečnosti v modeli bezpečnosti človeka. Ekonomická bezpečnosť. Tri hlavné úrovne ekonomickej bezpečnosti. Ekonomická bezpečnosť jedinca, podniku, štátu, hospodársko-integračných zoskupení. Riešenie otázok ekonomickej bezpečnosti a...
Guardado en:
| Autor principal: | |
|---|---|
| Otros Autores: | , , |
| Formato: | Capítulo de libro |
| Lenguaje: | eslovaco |
| Materias: | |
| Etiquetas: |
Sin Etiquetas, Sea el primero en etiquetar este registro!
|
MARC
| LEADER | 00000nla$a2200000$$$4500 | ||
|---|---|---|---|
| 001 | 0123219 | ||
| 005 | 20220722100334.0 | ||
| 041 | 0 | |a slo | |
| 044 | |a SK | ||
| 245 | 1 | 0 | |a Ekonomická bezpečnosť - výzva pre krízový manažment |c Alexander Kelíšek, Jozef Klučka, Miloš Ondrušek, Stanislava Strelcová |
| 520 | |a Definícia bezpečnosti. Postavenie a vzájomné interakcie ekonomickej bezpečnosti v modeli bezpečnosti človeka. Ekonomická bezpečnosť. Tri hlavné úrovne ekonomickej bezpečnosti. Ekonomická bezpečnosť jedinca, podniku, štátu, hospodársko-integračných zoskupení. Riešenie otázok ekonomickej bezpečnosti ako integrálna súčasť krízového manažmentu. | ||
| 610 | 2 | 0 | |a bezpečnosť ekonomická |
| 610 | 2 | 0 | |a bezpečnosť environmentálna |
| 610 | 2 | 0 | |a štát |
| 610 | 2 | 0 | |a podnik |
| 610 | 2 | 0 | |a osoby fyzické |
| 610 | 2 | 0 | |a potreby ekonomické |
| 610 | 2 | 0 | |a potreby osobné |
| 610 | 2 | 0 | |a potreby životné |
| 610 | 2 | 0 | |a výkonnosť ekonomiky |
| 610 | 2 | 0 | |a manažment krízový |
| 100 | 1 | |a Kelíšek, Alexander | |
| 700 | 1 | |a Klučka, Jozef | |
| 700 | 1 | |a Ondrušek, Miloš | |
| 700 | 1 | |a Strelcová, Stanislava | |